Sports Quiz

Random Sports or Football Quiz

FIFA World Cup players: Argentina Quiz Stats

 Plays Quiz not verified by Sporcle

Challenge
Share
Tweet
Embed
Score 0/199 Timer 20:00
0 Plays Today
Position Player % Correct
MFDiego Maradona
94%
FWLionel Messi
94%
FWGabriel Batistuta
88.3%
MFJuan Sebastian Veron
86.1%
FWMario Kempes
83.5%
FWHernan Crespo
83.1%
DFFrancisco Sa
82%
FWGonzalo Higuain
82%
FWCarlos Tevez
81.2%
DFJavier Zanetti
77.4%
FWAriel Ortega
77.1%
MFMaxi Rodriguez
75.6%
FWRuben Ayala
75.2%
DFRoberto Ayala
75.2%
FWClaudio Caniggia
74.8%
FWOscar Mas
73.7%
MFDiego Simeone
73.7%
FWSergio Agüero
73.7%
MFJavier Mascherano
72.9%
DFClemente Rodriguez
72.6%
MFLeonardo Rodriguez
71.4%
MFEsteban Cambiasso
70.3%
MFKily Gonzalez
69.5%
DFGabriel Heinze
69.2%
MFLucho Gonzalez
69.2%
DFDaniel Passarella
68%
FWClaudio Lopez
68%
FWAlberto Gonzalez
67.7%
MFJuan Roman Riquelme
67.3%
MFArcadio Lopez
66.9%
FWMartin Palermo
66.5%
FWJavier Saviola
66.2%
MFJorge Burruchaga
63.2%
DFJuan Pablo Sorin
63.2%
DFWalter Samuel
62.4%
MFAngel di Maria
62.4%
GKSergio Romero
61.7%
FWJorge Valdano
59.8%
DFRoberto Nestor Sensini
58.3%
DFGabriel Milito
57.5%
FWDiego Milito
57.5%
MFPablo Aimar
56.8%
FWAbel Balbo
56.4%
MFOsvaldo Ardiles
55.6%
GKCarlos Roa
55.6%
GKUbaldo Fillol
54.5%
GKNery Pumpido
54.5%
DFJose Luis Brown
54.5%
DFOscar Ruggeri
54.5%
GKRoberto Abbondanzieri
53.8%
GKSergio Goycochea
53%
MFFernando Redondo
52.3%
DFMartin Demichelis
50.8%
MFJonas Gutierrez
45.9%
DFNicolas Otamendi
45.9%
DFJose Chamot
44.7%
MFMatias Almeyda
44.4%
FWRamon Diaz
44%
DFHernan Diaz
44%
DFFabricio Coloccini
44%
FWLeopoldo Luque
43.6%
FWJulio Ricardo Cruz
43.6%
DFNicolas Burdisso
43.2%
FWOsvaldo Cruz
42.5%
FWGuillermo Stabile
41.7%
MFSergio Batista
41%
MFMarcelo Gallardo
41%
Position Player % Correct
MFDaniel Bertoni
40.6%
FWRodrigo Palacio
39.8%
MFJavier Pastore
36.8%
DFJulio Olarticoechea
35.3%
GKPablo Cavallero
34.6%
MFRene Houseman
33.5%
DFAlberto Tarantini
33.1%
DFDiego Placente
32.3%
DFMauricio Pochettino
31.6%
MFRicardo Villa
29.7%
DFNelson Vivas
29.3%
MFPedro Troglio
28.6%
GKLeo Franco
28.6%
MFAntonio Rattin
28.2%
MFHector Enrique
27.8%
GKLuis Islas
27.4%
MFAmerico Gallego
27.1%
DFJose Ramos Delgado
26.3%
MFLuis Monti
24.8%
DFPedro Monzon
24.8%
DFMauricio Pineda
23.7%
DFLeandro Cufre
23.3%
DFLionel Scaloni
22.2%
MFJorge Solari
21.4%
MFJose Basualdo
21.4%
MFMario Bolatti
21.4%
MFRicardo Giusti
21.1%
FWGustavo Dezotti
21.1%
DFPablo Paz
21.1%
DFJose Luis Cuciuffo
20.7%
FWPedro Pasculli
20.3%
GKAmadeo Carrizo
19.9%
DFRoberto Perfumo
19.9%
MFRicardo Bochini
18.8%
DFJose Serrizuela
18.8%
MFNolberto Alonso
18.4%
DFJorge Olguin
18%
MFLuis Artime
16.9%
GKRogelio Dominguez
16.5%
DFLuis Galvan
16.5%
DFJuan Simon
16.5%
MFGabriel Calderon
16.2%
DFNestor Fabbri
15.8%
MFOscar Ortiz
15.4%
MFSergio Berti
15.4%
MFPedro Suarez
15%
GKAntonio Roma
15%
FWJose Sanfilippo
15%
MFConstantino Urbieta Sosa
14.3%
FWRuben Sosa
14.3%
MFAlejandro Mancuso
14.3%
MFCarlos Tapia
13.9%
FWFrancisco Varallo
13.5%
MFCarlos Babington
13.5%
DFEnrique Wolff
13.5%
MFClaudio Borghi
13.5%
DFFernando Caceres
13.5%
FWAngel Labruna
13.2%
DFSilvio Marzolini
13.2%
MFNestor Lorenzo
13.2%
FWRamon Medina Bello
13.2%
FWErmindo Onega
12.4%
FWHector Yazalde
12.4%
MFMiguel Angel Brindisi
12%
MFJose Daniel Valencia
11.7%
FWCarlos Peucelle
11.3%
MFMarcelo Trobbiani
11.3%
Position Player % Correct
DFRamon Heredia
10.9%
DFNestor Clausen
10.9%
MFRafael Albrecht
10.2%
GKDaniel Carnevali
10.2%
MFRoberto Telch
10.2%
DFOscar Garre
10.2%
FWManuel Ferreira
9.8%
FWOmar Oreste Corbatta
9.8%
FWAlfredo Rojas
9.4%
MFJuan Evaristo
9%
FWMario Evaristo
9%
DFNestor Rossi
9%
MFOscar Rossi
9%
MFOmar Larrosa
9%
MFJuan Barbas
9%
DFJose Della Torre
7.9%
DFVladislao Cap
7.9%
FWSantiago Santamaria
7.1%
GKAngel Bossio
6.8%
FWAlberto Galateo
6.8%
DFAngel Bargas
6.8%
DFErnesto Belis
6.4%
DFJorge Carrascosa
6.4%
FWHector Facundo
6%
DFFernando Paternoster
5.6%
FWNorberto Menendez
5.6%
MFCarlos Squeo
5.3%
FWRoberto Cherro
4.9%
MFJose Varacka
4.9%
FWLudovico Avio
4.9%
DFRoberto Ferreiro
4.9%
FWAgustin Balbuena
4.9%
DFRuben Glaria
4.9%
MFMiguel Oviedo
4.9%
GKJuan Botasso
4.5%
DFRuben Navarro
4.5%
MFEnrique Chazarreta
4.5%
MFAdolfo Zumelzu
4.1%
MFPedro Dellacha
4.1%
DFJuan Francisco Lombardo
3.4%
DFRaul Paez
3.4%
DFRamon Muttis
3%
FWNatalio Perinetti
3%
FWAttilio Demaria
3%
FWFrancisco Rua
3%
DFFederico Vairo
3%
MFFederico Sacchi
3%
MFAlberto Chividini
2.6%
FWCarlos Spadaro
2.6%
DFAlberto Sainz
2.6%
FWMartin Pando
2.6%
FWJuan Carlos Oleniak
2.6%
MFRodolfo Orlandini
2.3%
FWAlejandro Scopelli
2.3%
GKHector Freschi
2.3%
FWAlfredo Devincenzi
2.3%
FWFederico Wilde
2.3%
MFJose Nehin
2.3%
DFJuan Pedevilla
2.3%
FWRoberto Irañeta
2.3%
FWEliseo Prado
2.3%
FWNorberto Boggio
2.3%
FWRaul Belen
2.3%
MFOscar Calics
2.3%
FWMarcelo Pagani
1.9%

You're not logged in!

Compare scores with friends on all Sporcle quizzes.
Join for Free
OR
Log In

You Might Also Like...

Show Comments

Extras

Top Quizzes Today


Score Distribution

Your Account Isn't Verified!

In order to create a playlist on Sporcle, you need to verify the email address you used during registration. Go to your Sporcle Settings to finish the process.

Report this User

Report this user for behavior that violates our Community Guidelines.

Details: